| 000 | 00643 a2200193 4500 | ||
|---|---|---|---|
| 001 | 27122 | ||
| 005 | 20260407155548.0 | ||
| 008 | 260407a1986 arg spa d | ||
| 003 | AR-UNSa-BCEJYS | ||
| 040 |
_aAR-UNSa-BCEJYS _bspa _cAR-UNSa-BCEJYS |
||
| 080 |
_a711(72) _xUrbanismo en México |
||
| 245 | 1 | 0 |
_aUrbanismo prehispánico e hispanoamericano en México _pdesde sus orígenes hasta la independencia |
| 020 | _a84-7088-425-5 | ||
| 264 | 1 |
_aMadrid : _bInstituto de Estudios de Administración Local _c1986 |
|
| 300 |
_a423 p. _c21 cm. |
||
| 942 | _cBK | ||
| 590 | _aniveau_biblio:m niveau_hierar:0 | ||
| 100 | 1 | _aRodríguez Alpuche, Adrián | |
| 999 |
_c1547 _d1547 |
||